| 000 | 00452nam a2200169Ia 4500 | ||
|---|---|---|---|
| 003 | 0STCL | ||
| 008 | 150530s9999 xx 000 0 und d | ||
| 040 |
_aSTCL _cSTCL |
||
| 100 | _aArnold | ||
| 245 | _aArnold poetry and prose with William Watsons poem and essays by Lionel Johnson and H.W. Garrod | ||
| 250 | _aFirst | ||
| 260 |
_bOxford Clarendon press _c1963 |
||
| 546 | _aEnglish | ||
| 942 |
_2ddc _cBK |
||
| 999 |
_c54469 _d54469 |
||
| 005 | 20220125170935.0 | ||